| 000 | 00437nam a2200157Ia 4500 | ||
|---|---|---|---|
| 003 | GCL | ||
| 005 | 20240530102608.0 | ||
| 008 | 140319s9999 xx 000 0 ara d | ||
| 040 |
_aGCL / _cGCL |
||
| 082 | 0 | 4 |
_aط _b922.1 _bع ع |
| 245 | 1 | 0 | _aعمر بن عبد العزيز / |
| 260 |
_a[S.N] : _bالهيئة المصرية العامة للكتاب |
||
| 300 | _a67 ص | ||
| 490 |
_aبطولات اسلامية _v0 |
||
| 942 |
_2ddc _cBK |
||
| 999 |
_c33277 _d33277 |
||